Local authority housing allocation - the new regime (Record no. 72399)
[ view plain ]
| 000 -LEADER | |
|---|---|
| fixed length control field | 01769cam a2200265 4500 |
| 001 - CONTROL NUMBER | |
| control field | ABS66528 |
| 008 - FIXED-LENGTH DATA ELEMENTS--GENERAL INFORMATION | |
| fixed length control field | 030401n2003 000 0 eng u |
| 035 ## - SYSTEM CONTROL NUMBER | |
| System control number | (Sirsi) u121839 |
| 100 ## - MAIN ENTRY--PERSONAL NAME | |
| Personal name | Arden, A. |
| 245 ## - TITLE STATEMENT | |
| Title | Local authority housing allocation - the new regime |
| 260 ## - PUBLICATION, DISTRIBUTION, ETC. | |
| Date of publication, distribution, etc. | 2003 |
| 490 ## - SERIES STATEMENT | |
| Series statement | Legal Action |
| Volume/sequential designation | February 2003, 32-34(3) |
| 520 ## - SUMMARY, ETC. | |
| Summary, etc. | Examines the extensive amendments made by the Homelessness Act 2002 to the detailed statutory framework for the allocation of housing by local authorities under the Housing Act 1996 Part VI. The relevant amendments came into force at the end of January 2003 and the legislative framework is supplemented by a new code of guidance "Allocation of accommodation: code of guidance of local housing authorities" - available at www.odpm.gov.uk. Discusses the facilitation of choice-based lettings schemes and reasonable preference categories, adequate information for applicants to assess how their applications are likely to be treated and procedures for challenges. |
| 590 ## - LOCAL NOTE (RLIN) | |
| Local note | ABS |
| 650 ## - SUBJECT ADDED ENTRY--TOPICAL TERM | |
| Topical term or geographic name entry element | CHOICE-BASED LETTINGS SYSTEMS |
| 650 ## - SUBJECT ADDED ENTRY--TOPICAL TERM | |
| Topical term or geographic name entry element | ALLOCATION |
| 650 ## - SUBJECT ADDED ENTRY--TOPICAL TERM | |
| Topical term or geographic name entry element | HOMELESSNESS ACT 2002 |
| 650 ## - SUBJECT ADDED ENTRY--TOPICAL TERM | |
| Topical term or geographic name entry element | LOCAL AUTHORITIES |
| 650 ## - SUBJECT ADDED ENTRY--TOPICAL TERM | |
| Topical term or geographic name entry element | HOUSING ACT 1996 PART VI |
| 690 ## - LOCAL SUBJECT ADDED ENTRY--TOPICAL TERM (OCLC, RLIN) | |
| Topical term or geographic name as entry element | Affordable housing |
| 9 (RLIN) | 6215 |
| 700 ## - ADDED ENTRY--PERSONAL NAME | |
| Personal name | Hunter, C. |
| 856 ## - ELECTRONIC LOCATION AND ACCESS | |
| Uniform Resource Identifier | <a href="https://www.communities.gov.uk/documents/housing/pdf/138670.pdf">https://www.communities.gov.uk/documents/housing/pdf/138670.pdf</a> |
| Public note | View the Allocation of Accommodation: Code of Guidance for local housing authorities - letter to local authorities free of charge at www.communities.gov.uk |
| 856 40 - ELECTRONIC LOCATION AND ACCESS | |
| Uniform Resource Identifier | <a href="https://www.communities.gov.uk/documents/housing/pdf/157737.pdf">https://www.communities.gov.uk/documents/housing/pdf/157737.pdf</a> |
| Public note | View the Allocation of Accommodation: Code of Guidance for local housing authorities - November 2002 Revision free of charge at www.communities.gov.uk |
| 942 ## - ADDED ENTRY ELEMENTS (KOHA) | |
| Suppress in OPAC | 0 |
| Withdrawn status | Lost status | Source of classification or shelving scheme | Damaged status | Not for loan | Home library | Current library | Shelving location | Date acquired | Total Checkouts | Full call number | Barcode | Date last seen | Copy number | Price effective from | Koha item type |
|---|---|---|---|---|---|---|---|---|---|---|---|---|---|---|---|
| Dewey Decimal Classification | London | London | Journal article | 01/04/2003 | ABS66528 | 121839-1001 | 06/08/2019 | 1 | 06/08/2019 | Journal article |